Landen van Europa - Sprint van Één Minuut - Statistieken

Algemene statistieken
  • Deze quiz is 16.277 keer genomen
  • De gemiddelde score is 26 van 45
Antwoorden op de kaart
Antwoorden kleurgecodeerd door een groen-rode schaal op de quizkaart volgens % correct hieronder.
 
Antwoordstatistieken
Land % Correct
België
93%
Nederland
93%
Zweden
91%
Frankrijk
90%
Noorwegen
90%
Duitsland
89%
Finland
89%
Spanje
89%
Portugal
83%
Ierland
82%
IJsland
82%
Italië
80%
Polen
79%
Rusland
79%
Estland
77%
Letland
76%
Verenigd Koninkrijk
75%
Denemarken
72%
Litouwen
71%
Oekraïne
64%
Belarus
60%
Luxemburg
60%
Zwitserland
58%
Oostenrijk
57%
Andorra
51%
Griekenland
49%
Tsjechië
48%
Monaco
47%
Roemenië
42%
Vaticaanstad
41%
San Marino
39%
Slowakije
37%
Bulgarije
36%
Hongarije
36%
Kroatië
36%
Slovenië
36%
Liechtenstein
35%
Moldavië
34%
Servië
33%
Albanië
32%
Malta
32%
Kosovo
29%
Bosnië en Herzegovina
28%
Montenegro
19%
Noord-Macedonië
17%
Geen overeenkomende quizzen gevonden
Scoreverdeling
Procent van Mensen met Elke Score
Percentiel versus Aantal Correcte Antwoorden
Uw Scoregeschiedenis
U heeft deze quiz nog niet genomen